header

Asia's computer challenge (Record no. 3931)

MARC details
000 -LEADER
fixed length control field 01375nam a2200337Ia 4500
100 1# - MAIN ENTRY--AUTHOR NAME
Personal name Dedrick, Jason.
245 10 - TITLE STATEMENT
Title Asia's computer challenge
260 ## - PUBLICATION, DISTRIBUTION, ETC. (IMPRINT)
Place of publication New York :
Name of publisher Oxford University Press,
Year of publication c1998.
300 ## - PHYSICAL DESCRIPTION
Number of Pages xviii, 364 p. :
Other physical details ill.
650 #0 - SUBJECT ADDED ENTRY--TOPICAL TERM
Topical Term Competition, International.
Topical Term Computer industry
Topical Term Computer industry
Topical Term Computer industry
700 1# - ADDED ENTRY--PERSONAL NAME
Personal name Kraemer, Kenneth L.
856 40 - ELECTRONIC LOCATION AND ACCESS
Uniform Resource Identifier http://site.ebrary.com/lib/rucke/Doc?id=10279377

No items available.

© 2026 Rongo University
Contact us: librarian | system librarian | Rongo university